00357nam a2200145Ia 4500008004100000020001500041041001200056100001400068245005000082250000800132260003300140300000800173650001600181700001400197221030s9999 xx 000 0 und d a8173668493 aEnglish aJ. Corbet 0aLINUX Device Driverscby J. Corbet, A. Rubini a3rd bShroff Pub.aNew Delhic2006 a628 aBE Computer aA. Rubini